MARC

LEADER 00000nam0a2200000 4500
001 677695
005 20241220103317.0
090 |a 677695 
100 |a 20241220d1979 m||y0rusy50 ca 
101 0 |a rus 
102 |a RU 
105 |a a j 001yy 
181 0 |a i   |b  e  
182 0 |a n 
183 0 |a nc  |2 RDAcarrier 
200 1 |a Устройства управления излучением оптических квантовых генераторов  |e учебное пособие  |f А. Ю Гринев  |g Московский авиационный институт 
203 |a Текст  |b визуальный  |c непосредственный 
210 |a Москва  |c [Б. и.]  |d 1979 
215 |a 78 с.  |c ил. 
283 |a volume  |2 RDAcarrier 
320 |a Литература: с. 76 
606 1 |a Генераторы квантовые оптические  |9 33756 
610 1 |a оптические излучения 
610 1 |a внешняя модуляция 
610 1 |a внутренняя модуляция 
610 1 |a устройства 
610 1 |a физические принципы 
610 1 |a учебные пособия 
675 |a 621.373.826(075.8)  |v 4 
700 1 |a Гринев  |b А. Ю.  |g Александр Юрьевич 
712 0 2 |a Московский авиационный институт  |c (1930- )  |4 570  |9 23867 
801 0 |a RU  |b 63413507  |c 20241220 
830 |a Ретро2024Каталогизация Шило 
850 |a 63413507 
942 |c BK